Mehmet Rauf : Hayatı, Sanatı, Eserleri (Record no. 1754)

000 -LEADER
fixed length control field 00534nam a22001817a 4500
008 - FIXED-LENGTH DATA ELEMENTS--GENERAL INFORMATION
fixed length control field 171218b xxu||||| |||| 01| | tur d
020 ## - INTERNATIONAL STANDARD BOOK NUMBER
International Standard Book Number 9754581304
041 ## - LANGUAGE CODE
Language code of text/sound track or separate title Türkçe
050 ## - LIBRARY OF CONGRESS CALL NUMBER
Classification number PL248.M427
100 ## - MAIN ENTRY--PERSONAL NAME
9 (RLIN) 840
Personal name Rahim Tarım
245 ## - TITLE STATEMENT
Title Mehmet Rauf : Hayatı, Sanatı, Eserleri
250 ## - EDITION STATEMENT
Edition statement 1.Baskı
260 ## - PUBLICATION, DISTRIBUTION, ETC.
Place of publication, distribution, etc. Ankara
Name of publisher, distributor, etc. Türkiye İş Bankası Yayınları Kültür Yayınları
Date of publication, distribution, etc. Ekin 1998
300 ## - PHYSICAL DESCRIPTION
Extent 131 Sayfa
500 ## - GENERAL NOTE
General note Genel Yayın No: 379
Ünlü Kişiler : 17
650 #0 - SUBJECT ADDED ENTRY--TOPICAL TERM
9 (RLIN) 145
Topical term or geographic name entry element Türk Edebiyatı
942 ## - ADDED ENTRY ELEMENTS (KOHA)
Source of classification or shelving scheme
Koha item type Books
Holdings
Withdrawn status Lost status Source of classification or shelving scheme Damaged status Not for loan Permanent Location Current Location Shelving location Date acquired Full call number Barcode Date last seen Price effective from Koha item type
        Ödünç verilemez İmren Ahmet Tüzün Kütüphanesi İmren Ahmet Tüzün Kütüphanesi Ahmet Tüzün 2017-12-18 PL248.M427 100100001730 2017-12-18 2017-12-18 Books

This software was implemented, installed and managed by Devinim Software Training Consulting .